Score 0/50 Timer 07:00
1 Play Today
% Correct
Willy Wonka
92.1%
Charlie Bucket
91.2%
Bilbo Baggins
87%
Augustus Gloop
86.7%
Veruca Salt
86.6%
Gandalf
86%
Atticus Finch
85.6%
Gollum
84.9%
The White Witch
83.4%
Aslan
83.2%
Grandpa Joe
79.2%
Scout
76.7%
Boo Radley
76.6%
Lucy Pevensie
76.6%
Snowball
74%
Nurse Ratched
73.5%
Susan Pevensie
72.4%
Napoleon
70.6%
Boxer
69.8%
Jem
68.4%
Thorin
68%
Elrond
67.9%
Squealer
66.8%
Mr. Tumnus
64.5%
Old Major
63.8%
% Correct
Randle McMurphy
57.6%
Yossarian
56%
Major Major Major
55.8%
Billy Pilgrim
52.9%
Captain 'Aarfy' Aardvaark
47.9%
Chief Bromden
46.6%
John Galt
41.1%
Dean Moriarty
41%
Milo Minderbinder
39.7%
Dill
39.4%
Dagny Taggart
39.1%
Kilgore Trout
37.9%
Billy Bibbit
35.4%
Sal Paradise
33.2%
Doc Daneeka
29.2%
Ragnar Danneskjöld
26.7%
Francisco d'Anconia
26.5%
Eliot Rosewater
25.5%
Dr. Robert Stadler
24.8%
Ed Dunkel
23.7%
Montana Wildhack
22.5%
Camille
20.9%
Roland Weary
18.2%
Dale Harding
16.5%
Old Bull Lee
16.2%
Remove Ads.
Support Sporcle.
Get the best of Sporcle when you Go Orange. This ad-free experience offers more features, more stats, and more fun while also helping to support Sporcle. Thank you for becoming a member.

You're not logged in!

Compare scores with friends on all Sporcle quizzes.
OR
Log In

Sporcle TV

Today on Sporcle TV


Watch our educational content, quiz creation guides, and fun videos on Sporcle TV.

Show Comments

Extras

Top Quizzes Today


Score Distribution

Paid Content

Your Account Isn't Verified!

In order to create a playlist on Sporcle, you need to verify the email address you used during registration. Go to your Sporcle Settings to finish the process.

Report this User

Report this user for behavior that violates our Community Guidelines.

Details: